| 000 | 00000nam##2200000za#4500 |
| 001 | 9.699507 |
| 003 | CaOODSP |
| 005 | 20210625000419 |
| 007 | cr ||||||||||| |
| 008 | 150407|1998||||xxc|||||o f|0| 0 eng|d |
| 040 | |aCaOODSP|beng |
| 043 | |an-cn--- |
| 086 | 1 |aR74-17/1998E-PDF |
| 110 | 1 |aCanada.|bIndian and Northern Affairs. |bWater Resources Division. |
| 245 | 10|aSlave River Environmental Quality Monitoring Program : |h[electronic resource]|bsummary report / |cby Juanetta (Peddle) Sanderson, Caroline Lafontaine, and Kelly Robertson. |
| 260 | |aYellowknife - Northwest Territories : |bIndian and Northern Affairs. |cMay 1998. |
| 300 | |a70p.|breferences, tables |
| 590 | |a15-02-Supp|b2015-02-16 |
| 690 | 07|aEnvironmental management|2gcpds |
| 690 | 07|aRivers|2gcpds |
| 775 | 08|tProgramme de surveillance de la qualité de l'environnement de la rivière des Esclaves : |w(CaOODSP)9.643542 |
| 856 | 40|ahttp://publications.gc.ca|qPDF|s162 KB|uhttps://publications.gc.ca/collections/collection_2014/aadnc-aandc/R74-17-1998-eng.pdf |